Normal view MARC view

Entry Meeting Name

Number of records used in: 1

001 - CONTROL NUMBER

  • control field: 23181

003 - CONTROL NUMBER IDENTIFIER

  • control field: OSt

005 - DATE AND TIME OF LATEST TRANSACTION

  • control field: 20211105134725.0

008 - FIXED-LENGTH DATA ELEMENTS

  • fixed length control field: 211105|| aca||aabn | a|a d

040 ## - CATALOGING SOURCE

  • Original cataloging agency: OSt
  • Transcribing agency: OSt

111 ## - HEADING--MEETING NAME

  • Meeting name or jurisdiction name as entry element: Colloquium Held in Honor of Gustav Andreas Tammann on the Occasion of His 65th Birthday
  • Location of meeting: Augst, Switzerland
  • Date of meeting or treaty signing: 35594

670 ## - SOURCE DATA FOUND

  • Source citation: Work cat.: (OSt): Labhardt, Lukas 23180, Supernovae and cosmology, 1998

Powered by Koha